01036 am a2200277ui 450000100100000000500170001000800410002702000210006804000110008904300120010008200220011210000440013424500790017825000120025726001060026930000340037549000260040950000220043565000360045765000530049365300250054665500240057194200220059599900170061795201240063401262068320140302112431.0780128t1977 xxka gr 001 0 eng  a0416707009 (pbk) aUkcUk ae-uk---04a381.0941222bDAV1 aDavies, Ross L.q(Ross Llewelyn)93501710aMarketing geography with special reference to retailing /cRoss L. Davies. a1st ed. aLondon :bMethuen & Co Ltd.,c1977e(Suffolk, United Kingdom :fRichard Clay (The Chaucer Press Ltd.) axiv, 300 p. :bill. ;c22 cm.0 aUniversity paperbacks aIncludes indexes. 0aMarketing935015zGreat Britain 0aCentral business districts935016zGreat Britain bBUSADMcFebruary2014 vreading book934232 2ddck381.0941 DAV c18007d17979 00102ddc40708Donation-GaMAINbMAINc1STd2014-02-02eDonationl0o381.0941 DAVp000035561r2025-07-15 00:00:00yBB